=LDR 00000nam 2200000 4500 =001 INLIS000000000050360 =005 20170502014546 =035 ##$$a 0010-0517000013 =007 ta =008 170502###########################0###### =020 ##$$a 978 - 602 - 94090 - 30 - 1 =082 ##$$a 641.3 =084 ##$$a 641.3 ARI f =100 #$$a Aribowo, Teguh =245 1#$$a Food Combining /$c Teguh Aribowo =250 ##$$a Cet.1 =260 ##$$a Jakarta :$b New Agogos,$c 2012 =300 ##$$a 112 hlm. : $b Ilus ; $c 21 cm =650 ##$$a Makanan =990 ##$$a 76407640 =990 ##$$a 76407640 =990 ##$$a 31700493 =990 ##$$a 02201707640 =990 ##$$a 31700494 =990 ##$$a 31700493